[Event "GRE-ch U14"]
[Site "Rio Achaia"]
[Date "2018.07.08"]
[Round "8"]
[White "Betsos, Nikolaos Evangelos"]
[Black "Goutis, Panagiotis"]
[Result "0-1"]
[WhiteElo "1327"]
[BlackElo "1546"]
[PlyCount "104"]
[EventDate "2018.07.03"]
[EventType "swiss"]
[EventRounds "9"]
[EventCountry "GRE"]
[SourceTitle "EXT 2019"]
[Source "ChessBase"]
[SourceDate "2018.10.10"]
[SourceVersion "1"]
[SourceVersionDate "2018.10.10"]
[SourceQuality "1"]

1. d4 Nf6 2. c4 e6 3. Nc3 Bb4 4. Qc2 c5 5. dxc5 0-0 6. Bg5 Bxc3+ 7. Qxc3 Ne4 8. Bxd8 Nxc3 9. Be7 Re8 10. Bd6 Ne4 11. f3 Nxd6 12. cxd6 e5 13. 0-0-0 b6 14. e4 Na6 15. a3 Nc5 16. b4 Nb7 17. Ne2 Re6 18. Nc3 Rxd6 19. Nd5 Rb8 20. Be2 Kf8 21. Nc7 Rxd1+ 22. Rxd1 Nd8 23. Nb5 a6 24. Nd6 Bb7 25. Kb2 Ne6 26. Nf5 g6 27. Nd6 Ba8 28. Kc3 Nd4 29. Bf1 Ke7 30. c5 bxc5 31. bxc5 Rb3+ 32. Kc4 Rxa3 33. Rb1 Ra4+ 34. Rb4 Rxb4+ 35. Kxb4 Nc2+ 36. Ka5 Ne3 37. Bxa6 Nxg2 38. Bc4 f6 39. Kb6 Nf4 40. Kc7 Ne6+ 41. Kb8 Nxc5 42. Nc8+ Kd8 43. Nd6 Bc6 44. Bg8 Ke7 45. Nc8+ Kf8 46. Bc4 f5 47. exf5 gxf5 48. Nd6 Bxf3 49. Nxf5 d5 50. Ba2 d4 51. Bb1 Be4 52. Ba2 Bxf5 0-1

[Event "GRE-ch Schools Gymnasia-B 30th"]
[Site "Peristeri"]
[Date "2018.04.01"]
[Round "2"]
[White "Betsos, Nikolaos Evangelos"]
[Black "Goutis, Panagiotis"]
[Result "0-1"]
[WhiteElo "1328"]
[BlackElo "1583"]
[PlyCount "112"]
[EventDate "2018.04.01"]
[EventType "swiss (rapid)"]
[EventRounds "9"]
[EventCountry "GRE"]
[SourceTitle "EXT 2019"]
[Source "ChessBase"]
[SourceDate "2018.10.10"]
[SourceVersion "1"]
[SourceVersionDate "2018.10.10"]
[SourceQuality "1"]

1. d4 Nf6 2. c4 e6 3. Nc3 Bb4 4. Qc2 c5 5. Nf3 Nc6 6. e3 b6 7. Bd3 Bb7 8. 0-0 Bxc3 9. bxc3 cxd4 10. Nxd4 0-0 11. Ba3 Nxd4 12. cxd4 Re8 13. Bd6 Rc8 14. a4 Rc6 15. Be5 g6 16. Rac1 d6 17. Bg3 Nh5 18. Be4 d5 19. Bd3 Nxg3 20. hxg3 Ba6 21. Qb3 dxc4 22. Bxc4 Bxc4 23. Rxc4 Qd5 24. Rb4 Qxb3 25. Rxb3 Rec8 26. Rb2 Rc4 27. Ra1 Rc1+ 28. Rxc1 Rxc1+ 29. Kh2 Rc4 30. Ra2 Kg7 31. g4 Kf6 32. Kg3 Ke7 33. a5 b5 34. Rb2 a6 35. Kf3 Kd7 36. Ke4 f6 37. Ra2 Ra4 38. Rxa4 bxa4 39. Kd3 Kc6 40. Kc4 a3 41. Kb3 a2 42. Kxa2 Kb5 43. Kb3 Kxa5 44. f4 f5 45. gxf5 gxf5 46. Kc4 Kb6 47. Kb4 a5+ 48. Ka4 Ka6 49. g3 h6 50. Kb3 Kb5 51. Kc3 a4 52. Kd3 Kb4 53. e4 fxe4+ 54. Kxe4 a3 55. f5 exf5+ 56. Kxf5 a2 0-1

[Event "GRE-ch U14"]
[Site "Achaia"]
[Date "2017.06.28"]
[Round "4"]
[White "Betsos, Nikolaos Evangelos"]
[Black "Pelantakis, Fotios"]
[Result "1-0"]
[WhiteElo "1343"]
[BlackElo "1230"]
[PlyCount "59"]
[EventDate "2017.06.26"]
[EventType "swiss"]
[EventRounds "9"]
[EventCountry "GRE"]
[SourceTitle "EXT 2018"]
[Source "ChessBase"]
[SourceDate "2017.10.13"]
[SourceVersion "1"]
[SourceVersionDate "2017.10.13"]
[SourceQuality "1"]

1. d4 c5 2. d5 e5 3. c4 d6 4. Nc3 Be7 5. e4 Nf6 6. Nf3 0-0 7. Be2 a6 8. 0-0 Bg4 9. Nd2 Bxe2 10. Qxe2 Nbd7 11. Re1 Rb8 12. Nf1 Ne8 13. f4 exf4 14. Bxf4 Bg5 15. Bxg5 Qxg5 16. Nd2 Nef6 17. Nf3 Qf4 18. Qd2 Qxd2 19. Nxd2 Rfe8 20. h3 Ne5 21. b3 Nh5 22. Nf3 f6 23. Nxe5 fxe5 24. Ne2 Rf8 25. Rf1 Rxf1+ 26. Rxf1 Rf8 27. Rxf8+ Kxf8 28. g4 Nf4 29. Nxf4 exf4 30. g5 1-0

[Event "GRE-ch U14"]
[Site "Achaia"]
[Date "2017.06.27"]
[Round "2"]
[White "Betsos, Nikolaos Evangelos"]
[Black "Kouvidis, Ioannis"]
[Result "1/2-1/2"]
[WhiteElo "1343"]
[BlackElo "1513"]
[PlyCount "107"]
[EventDate "2017.06.26"]
[EventType "swiss"]
[EventRounds "9"]
[EventCountry "GRE"]
[SourceTitle "EXT 2018"]
[Source "ChessBase"]
[SourceDate "2017.10.13"]
[SourceVersion "1"]
[SourceVersionDate "2017.10.13"]
[SourceQuality "1"]

1. d4 Nf6 2. c4 g6 3. Nc3 Bg7 4. e4 d6 5. Nf3 0-0 6. Be2 e5 7. 0-0 Nc6 8. d5 Ne7 9. b4 Nd7 10. Re1 h6 11. Ba3 f5 12. Nd2 a5 13. bxa5 Rxa5 14. Bb4 Ra8 15. Nb3 b6 16. a4 Nc5 17. Bf3 fxe4 18. Bxe4 Nf5 19. Bxc5 bxc5 20. Nb5 Rf7 21. Qc2 Qg5 22. Qc1 Qf6 23. Qc2 Nh4 24. Rf1 Qg5 25. Kh1 Bf5 26. f3 Bxe4 27. fxe4 Rxa4 28. Rxf7 Rxa1+ 29. Nxa1 Kxf7 30. Qf2+ Kg8 31. g3 Qc1+ 32. Qg1 Qxg1+ 33. Kxg1 Nf3+ 34. Kg2 Nd2 35. Nxc7 Nxc4 36. Nb3 Nb6 37. Nb5 Bf8 38. Na1 Kf7 39. Nc2 Ke7 40. Kf3 h5 41. Ke2 Bh6 42. Kd3 Bg5 43. Nca3 Kd7 44. Nc4 Nxc4 45. Kxc4 Be3 46. h3 g5 47. g4 hxg4 48. hxg4 Bd2 49. Kd3 Ba5 50. Kc4 Bc7 51. Nc3 Bd8 52. Na4 Kc7 53. Kb5 Kb7 54. Nb2 1/2-1/2

[Event "GRE-ch U12"]
[Site "Porto Rio"]
[Date "2016.07.03"]
[Round "8"]
[White "Betsos, Nikolaos Evangelos"]
[Black "Papaioannou, Charalampos"]
[Result "1/2-1/2"]
[WhiteElo "1273"]
[BlackElo "1103"]
[PlyCount "46"]
[EventDate "2016.06.28"]
[EventType "swiss"]
[EventRounds "9"]
[EventCountry "GRE"]
[SourceTitle "CBM 173 Extra"]
[Source "ChessBase"]
[SourceDate "2016.08.29"]
[SourceVersion "1"]
[SourceVersionDate "2016.08.29"]
[SourceQuality "1"]

1. d4 d5 2. c4 e6 3. Nc3 Be7 4. cxd5 exd5 5. Bf4 Nf6 6. Nf3 c6 7. e3 Bf5 8. Bd3 Bxd3 9. Qxd3 0-0 10. a3 Nbd7 11. b4 Nh5 12. Bg3 Nxg3 13. hxg3 h6 14. Ke2 a5 15. b5 Nf6 16. a4 c5 17. Rad1 c4 18. Qc2 Qd7 19. Ne5 Qe6 20. Rh3 Bd6 21. Nf3 Rfe8 22. Rdh1 Ne4 23. Nxe4 Qxe4 1/2-1/2

[Event "GRE-ch U12"]
[Site "Rio Achaia"]
[Date "2015.07.01"]
[Round "8.13"]
[White "Tsarsitalidis, Konstantinos"]
[Black "Betsos, Nikolaos Evangelos"]
[Result "1-0"]
[WhiteElo "1329"]
[BlackElo "1268"]
[PlyCount "73"]
[EventDate "2015.06.26"]
[EventType "swiss"]
[EventRounds "9"]
[EventCountry "GRE"]
[SourceTitle "EXT 2024"]
[Source "ChessBase"]
[SourceDate "2023.10.10"]
[SourceVersion "1"]
[SourceVersionDate "2023.10.10"]
[SourceQuality "1"]

1. e4 e5 2. d4 exd4 3. Qxd4 Nc6 4. Qe3 d6 5. Nc3 Nf6 6. Bd2 Be7 7. 0-0-0 0-0 8. f3 Be6 9. g4 Na5 10. g5 Nd7 11. h4 f5 12. exf5 Bxf5 13. Nd5 Nc6 14. Bc4 Kh8 15. h5 Nde5 16. Bb3 Re8 17. g6 h6 18. Qf4 Rf8 19. Qg3 Bf6 20. Ne2 Be6 21. Nef4 Nd4 22. Be3 Nxb3+ 23. axb3 Bxd5 24. Nxd5 Nxf3 25. Nf4 Bh4 26. Qxf3 Qe7 27. Qh3 Bg5 28. Ne6 Bxe3+ 29. Qxe3 Rfe8 30. Rde1 Qd7 31. Rhf1 Re7 32. Qf3 Rg8 33. Nf8 Rxe1+ 34. Rxe1 Qd8 35. Ne6 Qe8 36. Qf7 Qc6 37. Qxc7 1-0

[Event "GRE-ch U12"]
[Site "Rio Achaia"]
[Date "2015.06.27"]
[Round "3.10"]
[White "Betsos, Nikolaos Evangelos"]
[Black "Malataras, Gerasimos"]
[Result "0-1"]
[WhiteElo "1268"]
[BlackElo "1570"]
[PlyCount "80"]
[EventDate "2015.06.26"]
[EventType "swiss"]
[EventRounds "9"]
[EventCountry "GRE"]
[SourceTitle "EXT 2024"]
[Source "ChessBase"]
[SourceDate "2023.10.10"]
[SourceVersion "1"]
[SourceVersionDate "2023.10.10"]
[SourceQuality "1"]

1. d4 d5 2. c4 e6 3. Nc3 Be7 4. Nf3 Nf6 5. e3 0-0 6. Bd3 Nbd7 7. 0-0 b6 8. a3 Bb7 9. b4 c5 10. Rb1 cxb4 11. axb4 dxc4 12. Bxc4 Bxf3 13. Qxf3 Rc8 14. Bxe6 fxe6 15. Bd2 Nd5 16. Nxd5 Rxf3 17. Nxe7+ Qxe7 18. gxf3 Rf8 19. f4 Rf6 20. f3 Rg6+ 21. Kh1 Rh6 22. Rf2 Nb8 23. Rc1 Na6 24. Rb1 Rf6 25. Be1 Qb7 26. Rc1 Rf7 27. Kg2 Rc7 28. Rfc2 Rxc2+ 29. Rxc2 Nc7 30. e4 Nb5 31. Rc4 Qa6 32. Bf2 Qa2 33. Rc8+ Kf7 34. Kg3 Qb2 35. Rc4 Qb3 36. Rc6 Qxb4 37. d5 exd5 38. exd5 Qe7 39. Re6 Qd7 40. Re5 Nc7 0-1

[Event "GRE-ch U12"]
[Site "Rio Achaia"]
[Date "2015.06.26"]
[Round "1.7"]
[White "Marinakis, Hristos"]
[Black "Betsos, Nikolaos Evangelos"]
[Result "1-0"]
[WhiteElo "1660"]
[BlackElo "1268"]
[PlyCount "49"]
[EventDate "2015.06.26"]
[EventType "swiss"]
[EventRounds "9"]
[EventCountry "GRE"]
[SourceTitle "EXT 2024"]
[Source "ChessBase"]
[SourceDate "2023.10.10"]
[SourceVersion "1"]
[SourceVersionDate "2023.10.10"]
[SourceQuality "1"]

1. d4 Nf6 2. Nf3 e6 3. g3 Be7 4. Bg2 0-0 5. 0-0 d5 6. c3 Nbd7 7. Nbd2 c5 8. Re1 Rb8 9. Qc2 b6 10. e4 dxe4 11. Ng5 Nd5 12. Ndxe4 N7f6 13. Nxf6+ Nxf6 14. Bf4 Bd6 15. Be5 g6 16. Rad1 Qe7 17. Qd2 Bb7 18. Bxb7 Rxb7 19. Qf4 Bxe5 20. dxe5 Nh5 21. Qe3 Ng7 22. Ne4 Rd8 23. Nf6+ Kf8 24. Nxh7+ Kg8 25. Nf6+ 1-0

[Event "GRE-ch U10"]
[Site "Greece"]
[Date "2014.07.10"]
[Round "9"]
[White "Betsos, Nikolaos Evangelos"]
[Black "Gavriil, Odysseas Panagiotis"]
[Result "1/2-1/2"]
[WhiteElo "1242"]
[BlackElo "1243"]
[PlyCount "36"]
[EventDate "2014.07.04"]
[EventType "swiss"]
[EventRounds "9"]
[EventCountry "GRE"]
[SourceTitle "EXT 2017"]
[Source "ChessBase"]
[SourceDate "2016.10.25"]
[SourceVersion "1"]
[SourceVersionDate "2016.10.25"]
[SourceQuality "1"]

1. d4 Nf6 2. c4 c5 3. d5 e6 4. Nc3 exd5 5. e3 d6 6. cxd5 a6 7. a4 g6 8. Be2 Bg7 9. Bf3 0-0 10. Nge2 Nbd7 11. 0-0 Re8 12. Ng3 Ne5 13. h3 Nfd7 14. Re1 Nxf3+ 15. Qxf3 Ne5 16. Qd1 Qh4 17. Nce4 Qe7 18. Nc3 h5 1/2-1/2

[Event "GRE-ch U10"]
[Site "Greece"]
[Date "2014.07.07"]
[Round "5"]
[White "Betsos, Nikolaos Evangelos"]
[Black "Spyropoulos, Nikolaos"]
[Result "0-1"]
[WhiteElo "1242"]
[BlackElo "1652"]
[PlyCount "68"]
[EventDate "2014.07.04"]
[EventType "swiss"]
[EventRounds "9"]
[EventCountry "GRE"]
[SourceTitle "EXT 2017"]
[Source "ChessBase"]
[SourceDate "2016.10.25"]
[SourceVersion "1"]
[SourceVersionDate "2016.10.25"]
[SourceQuality "1"]

1. e4 c5 2. Nf3 d6 3. d4 cxd4 4. Nxd4 Nf6 5. Nc3 g6 6. Be3 Bg7 7. f3 0-0 8. Qd2 Nc6 9. Nb3 Be6 10. Be2 Rc8 11. 0-0 a6 12. Nd4 Na5 13. Nxe6 fxe6 14. Bh6 Bxh6 15. Qxh6 Qb6+ 16. Kh1 Qxb2 17. e5 Qxc3 18. exf6 Qxf6 19. Bd3 Nc4 20. Rae1 Ne5 21. Re2 Nxd3 22. cxd3 e5 23. Rfe1 Qf4 24. Qxf4 Rxf4 25. Re4 Rxe4 26. fxe4 Rc2 27. h3 Rxa2 28. Rc1 Kf7 29. Kh2 b5 30. Kg3 b4 31. Kf3 a5 32. g4 a4 33. Ke3 b3 34. Rb1 b2 0-1